Resumen Sinp̤tico del Cd̤igo Procesal Penal Oral de Chihuahua

Detalles Bibliográficos
Formato: eBook
Lenguaje:español
Publicado: Mx̌ico D.F: Jurd̕ica de las Americas, 2013
Materias:
Acceso en línea:Acceso restringido

MARC

LEADER 00000nam a22000007a 4500
005 20130709183540.0
007 cr|||| ||||
008 130709s2013 mx |||||s|||| 00||0|spa d
020 |a 978-968-9368-53-9 
035 |a 11333 
040 |a vLex 
090 |c 4401  |d 4401 
245 0 0 |a Resumen Sinp̤tico del Cd̤igo Procesal Penal Oral de Chihuahua  |h [Recurso electrn̤ico]  
256 |a Servicio en ln̕ea 
260 |a Mx̌ico D.F:  |b Jurd̕ica de las Americas,  |c 2013 
300 |a 1 recurso electrn̤ico 
506 1 |a Contenido solo disponible en los productos indicados  |d vLex Global  |d vLex Global (Academic Edition, excluding Law Schools)  |d vLex Global (U.S. Academic Edition, Law Schools)  |d vLex Global (U.S. Academic Edition, excluding Law Schools)  |d vLex Global (Academic Edition, Law Schools) 
650 0 4 |a Derecho penal  |z Mx̌ico 
740 0 |a vLex Libros (Servicio en ln̕ea) 
856 4 0 |u http://vlex.com/source/resumen-sinoptico-codigo-procesal-penal-oral-chihuahua-11333  |z Acceso restringido 
942 |c BOOK 
999 0 |a Criminal law